000 00576cam a2200229 4500
008 090401t1992 xxu||||| |||| 00| 0 eng d
020 _a0471936855
035 _a(Sirsi) u63893
041 _aeng
050 _a346.41078
100 _aAnderson, Hamish
245 _aAnderson`s notes on insolvency conveyancing.
260 _aLondon
_bChancery Law Publishing
_c1992
300 _ax,37p. ; 21cm.
350 _a6.5
650 _aBANKRUPTCY
650 _aINSOLVENCY CONVEYANCING
650 _aInsolvency
_96247
690 _aLAW
942 _n0
948 _c04/03/1997
999 _c94620
_d94620